000 00535nam a2200181Ia 4500
008 240729s9999 xx 000 0 und d
022 _a2640-3501
245 0 _aMathematics in Engineering
260 _aUnited States
260 _bAIMS Press
650 _a Applied mathematics. Quantitative methods
650 _a Industrial engineering. Management engineering
650 _a Technology (General)
650 _aTechnology
856 _uhttps://doaj.org/toc/1e46d10e961c42239419e67d40205ee4
942 _2ddc
942 _cDOAJEJ
999 _c72852
_d72852
945 _a1
_bMadushi Gamage
_c1
_dMadushi Gamage